Rozumím svému koni : rozlušti jeho jazyk a vytvoř si s ním krásný vztah! /
Ilustrovaný průvodce pro mladé chovatele a chovatelky koní, kteří touží svému zvířecímu parťákovi skutečně porozumět. Praktické rady, tipy i kvízy.
Uloženo v:
| Hlavní autor: | |
|---|---|
| Další autoři: | , |
| Médium: | E-kniha |
| Jazyk: | Czech |
| Vydáno: |
V Brně :
CPress,
2025
|
| Vydání: | 1. vydání |
| Témata: | |
| Tagy: |
Žádné tagy |
| LEADER | 02931nam a2200589 i 4500 | ||
|---|---|---|---|
| 001 | 305189 | ||
| 003 | CZ PrSKC | ||
| 005 | 20260601063333.0 | ||
| 007 | ta | ||
| 008 | 250915s2025 xr a b f 000 0 cze | ||
| 015 | |a cnb003708649 | ||
| 020 | |a 9788026457053 |q (brožováno) : |c Kč 249,00 | ||
| 035 | |a (OCoLC)1544836923 | ||
| 040 | |a OLA001 |b cze |e rda | ||
| 041 | 1 | |a cze |h fre | |
| 072 | 7 | |a 636 |x Chov zvířat. Živočišná výroba |2 Konspekt | |
| 072 | 7 | |a 0/9-053.2 |x Literatura pro děti a mládež (naučná) |2 Konspekt | |
| 080 | |a 636.1 |2 MRF | ||
| 080 | |a 179.3 |2 MRF | ||
| 080 | |a 591.58 |2 MRF | ||
| 080 | |a (0.062) |2 MRF | ||
| 080 | |a (0.053.2) |2 MRF | ||
| 100 | 1 | |a Journo, Anouk, |d 1962- |7 xx0314811 |4 aut | |
| 240 | 1 | 0 | |a Je comprends mon cheval!. |l Česky |
| 245 | 1 | 0 | |a Rozumím svému koni : |b rozlušti jeho jazyk a vytvoř si s ním krásný vztah! / |c Anouk Journo ; ilustrace Adeline Pham ; z francouzského originálu Je comprends mon cheval! ... přeložila Barbora Antonová |
| 250 | |a 1. vydání | ||
| 264 | 1 | |a V Brně : |b CPress, |c 2025 | |
| 300 | |a 93 stran : |b barevné ilustrace ; |c 23 cm | ||
| 336 | |a text |b txt |2 rdacontent | ||
| 336 | |a statický obraz |b sti |2 rdacontent | ||
| 337 | |a bez média |b n |2 rdamedia | ||
| 338 | |a svazek |b nc |2 rdacarrier | ||
| 520 | 2 | |a Ilustrovaný průvodce pro mladé chovatele a chovatelky koní, kteří touží svému zvířecímu parťákovi skutečně porozumět. Praktické rady, tipy i kvízy. |b Tvůj kůň od tebe přijímá pohlazení, ale odmítá se pohnout kupředu? Nebo je někdy přítulný a poslušný, ale jindy se chová vzpurně, vznětlivě či dokonce divoce? Díky pozorování koně zjistíš, co opravdu potřebuje a odhalíš jeho zvyky, instinkty a jedinečnost. Naučíš se také komunikovat v koňské řeči. Nakladatelská anotace. Kráceno. | |
| 521 | 8 | |a Pro čtenáře od 7 let | |
| 650 | 0 | 7 | |a koně |7 ph114977 |2 czenas |
| 650 | 0 | 7 | |a člověk a zvíře |7 ph128185 |2 czenas |
| 650 | 0 | 7 | |a komunikace živočichů |7 ph134853 |2 czenas |
| 650 | 0 | 9 | |a horses |2 eczenas |
| 650 | 0 | 9 | |a human-animal relationships |2 eczenas |
| 650 | 0 | 9 | |a animal communication |2 eczenas |
| 655 | 7 | |a populárně-naučné publikace |7 fd131864 |2 czenas | |
| 655 | 7 | |a publikace pro děti |7 fd133156 |2 czenas | |
| 655 | 9 | |a popular works |2 eczenas | |
| 655 | 9 | |a children's literature |2 eczenas | |
| 700 | 1 | |a Pham, Adeline |7 xx0314826 |4 ill | |
| 700 | 1 | |a Antonová, Barbora, |d 1968- |7 ola2004212021 |4 trl | |
| 900 | |a ABA001 |b 20 | ||
| 928 | 9 | |a Albatros Media - CPress | |
| 044 | |a xr | ||
| 910 | |a RBIT002 | ||
| 998 | |d 427451 |a https://core.palmknihy.cz/api/books/427451/cover?tfoxwj |b https://core.palmknihy.cz/api/books/427451/cover/400?tfoxwj |c https://core.palmknihy.cz/api/books/427451/cover/50?tfoxwj |e 2029-09-23 |g 96 |i 9788026457053 |k https://core.palmknihy.cz/api/books/427451/preview.pdf |l |q 49 |r 1 |s https://www.palmknihy.cz/kniha/427451 |t ebook |y 2025 |z 0 | ||
| 999 | |d 305187 | ||